Top 5 Songs On EXETER (Bladee) - Statistics

General Stats
  • This quiz has been taken 16 times
  • The average score is 4 of 5
Answer Stats
Hint Answer % Correct
4,585,996 LOVESTORY
93%
2,427,749 DNA RAIN
87%
3,039,804 MERRY-GO-ROUND
87%
3,999,457 WONDERLAND
87%
1,915,488 RAIN3OW STAR (LOVE IS ALL)
67%
No matching quizzes found
Score Distribution
Percent of People with Each Score
Percentile by Number Answered
Your Score History
You have not taken this quiz